00150 a2200073 45000010005000001000015000052450040000202600016000606551 aAngus, R.B aElectrical engineering fundamentals abAddisonc